| 000 | 00424cam a22001337a 4500 | ||
|---|---|---|---|
| 008 | 180718b1988 xxu||||| |||| 00| 0 eng d | ||
| 082 | _aY4000x54 | ||
| 245 |
_aNational forest policy _cby Ministry of Environment and Forests |
||
| 260 |
_aNew Delhi _bThe author _c1988 |
||
| 300 | _a13p. | ||
| 500 | _aLibrary has 1988 | ||
| 650 | _aForests and Forestry - Policy - India | ||
| 700 | _aIndia. Ministry of Environment and Forests | ||
| 999 |
_c475514 _d475514 |
||